| 000 | 00443nam a2200193Ia 4500 | ||
|---|---|---|---|
| 008 | 240510s9999 xx 000 0 und d | ||
| 020 | _a0000387970169 | ||
| 041 | _aEng | ||
| 082 | _a006.33 | ||
| 082 | _bM26 | ||
| 100 | _aMERRIT, D. | ||
| 245 | 0 | _aBUILDING EXPERT SYSTEMS IN PROLOG | |
| 260 | _bTOKYO : SPRINGER VERLAG | ||
| 260 | _c1989 | ||
| 300 | _a358 p. | ||
| 650 | _aEXPERT SYSTEMS : PROLOG | ||
| 942 | _2ddc | ||
| 942 | _cRBK | ||
| 999 |
_c25277 _d25277 |
||
| 945 |
_a1 _bMadushi Gamage _c1 _dMadushi Gamage |
||